<?xml version="1.0" encoding="UTF-8"?><collection xmlns="info:lc/xmlns/marcxchange-v2"><record format="Unimarc" type="bibliographic"><leader>00655cam 02200229  04500</leader><controlfield tag="001">1984248</controlfield><controlfield tag="003">http://id.bnportugal.gov.pt/bib/porbase/1984248</controlfield><controlfield tag="005">20030503104800.0</controlfield><datafield ind1=" " ind2=" " tag="010"><subfield code="a">0-387-90244-9</subfield></datafield><datafield ind1=" " ind2=" " tag="035"><subfield code="2">41363</subfield></datafield><datafield ind1=" " ind2=" " tag="095"><subfield code="a">PTBN00249962</subfield></datafield><datafield ind1=" " ind2=" " tag="100"><subfield code="a">19890313e19871977m  y0pora0103    ba</subfield></datafield><datafield ind1="0" ind2=" " tag="101"><subfield code="a">eng</subfield></datafield><datafield ind1=" " ind2=" " tag="102"><subfield code="a">US</subfield></datafield><datafield ind1="1" ind2=" " tag="200"><subfield code="a">Algebraic geometry</subfield></datafield><datafield ind1=" " ind2=" " tag="205"><subfield code="a">4th reprint</subfield></datafield><datafield ind1=" " ind2=" " tag="210"><subfield code="a">New York</subfield><subfield code="c">Springer</subfield><subfield code="d">1987</subfield></datafield><datafield ind1=" " ind2=" " tag="215"><subfield code="a">XVI, 478 p.</subfield><subfield code="d">23 cm</subfield></datafield><datafield ind1="2" ind2=" " tag="225"><subfield code="a">Graduate texts in mathematics</subfield><subfield code="v">52</subfield></datafield><datafield ind1=" " ind2=" " tag="675"><subfield code="a">512.7</subfield><subfield code="v">med</subfield><subfield code="z">eng</subfield><subfield code="3">329721</subfield></datafield><datafield ind1=" " ind2="1" tag="700"><subfield code="a">Hartshorne</subfield><subfield code="b">Robin</subfield><subfield code="3">1426994</subfield></datafield><datafield ind1=" " ind2="0" tag="801"><subfield code="a">PT</subfield><subfield code="b">BN</subfield><subfield code="g">RPC</subfield></datafield><datafield ind1=" " ind2=" " tag="977"><subfield code="1">14-01/HAR</subfield><subfield code="2">coop</subfield><subfield code="4">UCMA</subfield><subfield code="6">mq3075079</subfield><subfield code="7">bc</subfield><subfield code="8">coop</subfield><subfield code="9">UCMA</subfield><subfield code="k">0</subfield></datafield><datafield ind1=" " ind2=" " tag="977"><subfield code="1">517 MAR Alg</subfield><subfield code="2">coop</subfield><subfield code="4">UMDCJ</subfield><subfield code="6">241363</subfield><subfield code="7">bc</subfield><subfield code="8">COOP</subfield><subfield code="9">UMDCJ</subfield><subfield code="b">4358</subfield><subfield code="k">0</subfield></datafield></record></collection>